000 00433nam a2200169Ia 4500
003 GCL
008 140319s9999 xx 000 0 eng d
040 _aGCL /
_cGCL
082 0 4 _a749.3
_bK E
100 1 _aKING, CONSTANCE
245 1 0 _aAN ENCYCLOPEDIA OF SOFAS /
_cKING, CONSTANCE
260 _a[S.N] :
_bTHE APPLE PRESS ،
_c1990
300 _a127 P
650 0 4 _aFURNITURE AND ACCESSIORS
650 0 4 _aSAFAS
942 _2ddc
_cBK
999 _c12628
_d12628